000 00920nam a22002537a 4500
005 20250916084608.0
008 250916b ||||| |||| 00| 0 eng d
020 _a9780367333508 (hbk)
020 _a9780367333478 (pbk)
020 _a9780429319334 (ebk)
040 _aCO-BoUCM
_cDavid Moreno
_dDavid Moreno
041 _aeng
100 1 _aBouvier, Gwen
_9186876
245 1 0 _aQualitative research using social media
_cGwen Bouvier and Joel Rasmussen
250 _a1a.Ed
260 _aNew York, NY
_bRoutledge
_c2022
300 _aviii, 203 Paginas
_bilustraciones
504 _aIncluye referencias bibliográficas e índices
650 1 4 _aRedes sociales
_xInvestigación cualitativa
_xMetodología
_9186877
650 1 4 _aCiencias sociales
_xInvestigación
_xMetodología
_972770
700 1 _aRasmussen, Joel
_9186878
942 _2DEWEY
_a6
_cLIBRO
_e1
_h300.72
_mB782q
_n0
999 _c325756
_d325756